[Event "Medellin Aristizabal Cup"]
[Site "Medellin"]
[Date "2019.01.26"]
[Round "6"]
[White "Ordonez, Fernando"]
[Black "Toro Castaneda, Elizabeth"]
[Result "0-1"]
[WhiteElo "1791"]
[BlackElo "1938"]
[PlyCount "36"]
[EventDate "2019.01.24"]
[EventType "swiss"]
[EventRounds "7"]
[EventCountry "COL"]
[SourceTitle "EXT 2020"]
[Source "ChessBase"]
[SourceDate "2019.10.17"]
[SourceVersion "1"]
[SourceVersionDate "2019.10.17"]
[SourceQuality "1"]

1. e4 c5 2. Nf3 g6 3. Nc3 Bg7 4. d4 cxd4 5. Nxd4 Nc6 6. Be3 Nf6 7. Nxc6 bxc6 8. e5 Nd5 9. Nxd5 cxd5 10. Qxd5 Rb8 11. 0-0-0 Bb7 12. Qc5 0-0 13. Bb5 Bxg2 14. Rhg1 Bh3 15. Bg5 Qa5 16. a4 Rfc8 17. Qe3 Bf5 18. Rd2 Rxb5 0-1

[Event "Medellin Aristizabal Cup"]
[Site "Medellin"]
[Date "2019.01.25"]
[Round "4"]
[White "Ordonez, Fernando"]
[Black "Zapata Cuartas, Juan Carlos"]
[Result "0-1"]
[WhiteElo "1791"]
[BlackElo "2128"]
[PlyCount "63"]
[EventDate "2019.01.24"]
[EventType "swiss"]
[EventRounds "7"]
[EventCountry "COL"]
[SourceTitle "EXT 2020"]
[Source "ChessBase"]
[SourceDate "2019.10.17"]
[SourceVersion "1"]
[SourceVersionDate "2019.10.17"]
[SourceQuality "1"]

1. e4 e5 2. Nf3 Nc6 3. Bb5 Nf6 4. Bxc6 dxc6 5. Nc3 Bc5 6. 0-0 0-0 7. h3 Re8 8. d3 Nh5 9. Bg5 f6 10. Be3 Bxe3 11. fxe3 Ng3 12. Rf2 f5 13. Kh2 f4 14. exf4 exf4 15. Ne2 Nh5 16. Qd2 Qd6 17. e5 Qh6 18. Kg1 Be6 19. d4 Rad8 20. Qa5 a6 21. Raf1 Bc4 22. Re1 Be6 23. Nh2 Qg6 24. Nxf4 Nxf4 25. Rxf4 Qxc2 26. Rf2 Qg6 27. Qc3 Bxa2 28. b3 Bb1 29. Ng4 h5 30. Qc4+ Kh7 31. Ne3 Bd3 32. Qc3 0-1

[Event "Medellin Aristizabal Cup"]
[Site "Medellin"]
[Date "2018.07.07"]
[Round "5"]
[White "Ordonez, Fernando"]
[Black "Herrera, Milena"]
[Result "0-1"]
[WhiteElo "1798"]
[BlackElo "2063"]
[PlyCount "68"]
[EventDate "2018.07.04"]
[EventType "swiss"]
[EventRounds "7"]
[EventCountry "COL"]
[SourceTitle "CBM 185 Extra"]
[Source "ChessBase"]
[SourceDate "2018.07.29"]
[SourceVersion "1"]
[SourceVersionDate "2018.07.29"]
[SourceQuality "1"]

1. e4 c5 2. Nf3 e6 3. d4 cxd4 4. Nxd4 a6 5. Nc3 Qc7 6. Be3 Nf6 7. Bd3 Nc6 8. Nxc6 dxc6 9. 0-0 e5 10. h3 b5 11. f3 Bb7 12. Qe1 Be7 13. a3 0-0 14. Rd1 Rad8 15. Ne2 Rd7 16. Ng3 g6 17. Qf2 c5 18. Be2 Rfd8 19. Rxd7 Nxd7 20. Rd1 c4 21. Qe1 Nc5 22. Rxd8+ Qxd8 23. Qd1 Qxd1+ 24. Bxd1 Na4 25. Bc1 c3 26. b3 Nb2 27. Be2 Bxa3 28. Be3 Bc6 29. Bf1 a5 30. Ne2 Nd1 31. Bb6 a4 32. bxa4 bxa4 33. Nxc3 Nxc3 34. Bc7 Bc5+ 0-1

[Event "Antioquia op-B"]
[Site "Medellin"]
[Date "2018.04.30"]
[Round "7"]
[White "Restrepo, Hugo"]
[Black "Ordonez, Fernando"]
[Result "1-0"]
[WhiteElo "1698"]
[BlackElo "1809"]
[PlyCount "79"]
[EventDate "2018.04.25"]
[EventType "swiss"]
[EventRounds "7"]
[EventCountry "COL"]
[SourceTitle "CBM 184 Extra"]
[Source "ChessBase"]
[SourceDate "2018.06.28"]
[SourceVersion "1"]
[SourceVersionDate "2018.06.28"]
[SourceQuality "1"]

1. e4 e5 2. Nf3 Nc6 3. Bb5 d6 4. d4 exd4 5. Nxd4 Bd7 6. 0-0 Nxd4 7. Bxd7+ Qxd7 8. Qxd4 c5 9. Qc4 Qe6 10. Qd3 0-0-0 11. c4 Nf6 12. Nc3 Be7 13. Re1 Ng4 14. Nd5 Ne5 15. Qe2 g5 16. b4 f6 17. Rb1 h5 18. bxc5 dxc5 19. Qb2 Rd7 20. Qb5 Qc6 21. Qb3 Qa6 22. Be3 Bf8 23. Rec1 h4 24. h3 g4 25. Bf4 gxh3 26. Qxh3 Ng6 27. Bh2 Ne5 28. Bxe5 fxe5 29. Rb5 Kd8 30. Rd1 Qc6 31. Qf5 Bg7 32. Qg5+ Ke8 33. Rd3 b6 34. Rf3 Qh6 35. Qg4 Qc1+ 36. Kh2 Qxc4 37. Qe6+ Kd8 38. Qc6 Ke8 39. Qc8+ Rd8 40. Qe6# 1-0

[Event "Antioquia op-B"]
[Site "Medellin"]
[Date "2017.04.30"]
[Round "6"]
[White "Lopez Guarin, Simon"]
[Black "Ordonez, Fernando"]
[Result "1-0"]
[WhiteElo "1575"]
[BlackElo "1842"]
[PlyCount "47"]
[EventDate "2017.04.27"]
[EventType "swiss"]
[EventRounds "7"]
[EventCountry "COL"]
[SourceTitle "EXT 2019"]
[Source "ChessBase"]
[SourceDate "2018.10.10"]
[SourceVersion "1"]
[SourceVersionDate "2018.10.10"]
[SourceQuality "1"]

1. e4 e5 2. Nf3 d6 3. d4 exd4 4. Nxd4 Nf6 5. Nc3 Be7 6. Bc4 0-0 7. Be3 a6 8. a4 c5 9. Nf5 Bxf5 10. exf5 Nc6 11. 0-0 Ne5 12. Ba2 Qd7 13. Nd5 Nxd5 14. Bxd5 Bf6 15. g4 h6 16. f4 Nc6 17. g5 hxg5 18. fxg5 Bd4 19. Bxd4 Nxd4 20. Qh5 Nxf5 21. Rf3 Rae8 22. Rh3 Nh6 23. gxh6 Re5 24. Qg6 1-0

[Event "Antioquia op-B"]
[Site "Medellin"]
[Date "2017.04.29"]
[Round "4"]
[White "Ordonez, Fernando"]
[Black "Herrera Yeider, Farit"]
[Result "1/2-1/2"]
[WhiteElo "1842"]
[BlackElo "1258"]
[PlyCount "23"]
[EventDate "2017.04.27"]
[EventType "swiss"]
[EventRounds "7"]
[EventCountry "COL"]
[SourceTitle "EXT 2019"]
[Source "ChessBase"]
[SourceDate "2018.10.10"]
[SourceVersion "1"]
[SourceVersionDate "2018.10.10"]
[SourceQuality "1"]

1. e4 e5 2. Nf3 Nf6 3. Nc3 Bb4 4. d3 d6 5. Bd2 c6 6. Be2 0-0 7. 0-0 h6 8. a3 Bxc3 9. Bxc3 Be6 10. h3 Nbd7 11. Nh2 Qb6 12. Qe1 1/2-1/2

[Event "COL-ch Seniors"]
[Site "Cartagena"]
[Date "2016.10.28"]
[Round "5"]
[White "Ordonez, Fernando"]
[Black "Rojas Mendoza, Alfredo"]
[Result "0-1"]
[WhiteElo "1850"]
[BlackElo "1910"]
[PlyCount "112"]
[EventDate "2016.10.26"]
[EventType "swiss"]
[EventRounds "7"]
[EventCountry "COL"]
[SourceTitle "EXT 2018"]
[Source "ChessBase"]
[SourceDate "2017.10.13"]
[SourceVersion "1"]
[SourceVersionDate "2017.10.13"]
[SourceQuality "1"]

1. e4 e6 2. Nf3 b6 3. d4 d5 4. e5 c5 5. c3 Bd7 6. Bg5 Be7 7. Be3 Nc6 8. Nbd2 Qc7 9. Bb5 Nxe5 10. Bxd7+ Nxd7 11. 0-0 Ngf6 12. Re1 0-0 13. Nb3 c4 14. Nbd2 Bd6 15. h3 b5 16. Qc2 a5 17. g4 Bf4 18. Kg2 g6 19. Rac1 Rfb8 20. Ng1 Kg7 21. Ne2 Bd6 22. f4 Rf8 23. Rf1 h5 24. gxh5 Nxh5 25. Kf3 f5 26. Rg1 Kf7 27. Rg2 Rh8 28. Rcg1 Rag8 29. b3 Ndf6 30. bxc4 bxc4 31. Rb1 Rb8 32. Rgg1 Ne4 33. Rxb8 Rxb8 34. Rb1 Rxb1 35. Qxb1 Nxd2+ 36. Bxd2 Qb8 37. Qc2 Qb5 38. Bc1 Nf6 39. Ng1 Ne4 40. Ke3 Bxf4+ 41. Kxf4 Qb8+ 42. Ke3 Qg3+ 43. Nf3 f4+ 44. Ke2 Qf2+ 45. Kd1 Qxf3+ 46. Ke1 Qxc3+ 47. Qxc3 Nxc3 48. Bd2 Nb5 49. Bxa5 Nxd4 50. Bc7 f3 51. a4 Ke7 52. Kf2 c3 53. Bf4 c2 54. a5 Kd7 55. a6 Kc6 56. Be3 Nb3 0-1

[Event "COL-ch Seniors"]
[Site "Cartagena"]
[Date "2016.10.27"]
[Round "4"]
[White "Martinez Llamas, Amaury A"]
[Black "Ordonez, Fernando"]
[Result "1/2-1/2"]
[WhiteElo "1968"]
[BlackElo "1850"]
[PlyCount "37"]
[EventDate "2016.10.26"]
[EventType "swiss"]
[EventRounds "7"]
[EventCountry "COL"]
[SourceTitle "EXT 2018"]
[Source "ChessBase"]
[SourceDate "2017.10.13"]
[SourceVersion "1"]
[SourceVersionDate "2017.10.13"]
[SourceQuality "1"]

1. e4 e5 2. Nf3 Nc6 3. Bc4 Be7 4. Nc3 Nf6 5. a3 d6 6. d3 Bg4 7. Be3 h6 8. h3 Bh5 9. Qd2 Qd7 10. Ne2 d5 11. exd5 Nxd5 12. g4 Bg6 13. Bb5 f6 14. Ng3 a6 15. Nh5 Bh7 16. Bxc6 Qxc6 17. Rf1 0-0-0 18. Nf4 Bf8 19. Nh5 1/2-1/2

[Event "Medellin Aristizabal Cup"]
[Site "Medellin"]
[Date "2016.05.21"]
[Round "5"]
[White "Soto, Miguel Angel"]
[Black "Ordonez, Fernando"]
[Result "1-0"]
[WhiteElo "2048"]
[BlackElo "1849"]
[PlyCount "33"]
[EventDate "2016.05.18"]
[EventType "swiss"]
[EventRounds "7"]
[EventCountry "COL"]
[SourceTitle "CBM 172 Extra"]
[Source "ChessBase"]
[SourceDate "2016.06.21"]
[SourceVersion "1"]
[SourceVersionDate "2016.06.21"]
[SourceQuality "1"]

1. e4 e5 2. Nf3 Nc6 3. Bb5 d6 4. d4 exd4 5. Nxd4 Bd7 6. Bxc6 bxc6 7. 0-0 Nf6 8. Qf3 c5 9. Nf5 g6 10. Nh6 Bg7 11. Bg5 Rb8 12. Nc3 c6 13. e5 dxe5 14. Ne4 Bf5 15. Nxf5 gxf5 16. Nxf6+ Bxf6 17. Qxc6+ 1-0

[Event "Medellin Aristizabal Cup"]
[Site "Medellin"]
[Date "2016.05.19"]
[Round "2"]
[White "Ordonez, Fernando"]
[Black "Jurado, Yirlei Katherine"]
[Result "1-0"]
[WhiteElo "1849"]
[BlackElo "1518"]
[PlyCount "47"]
[EventDate "2016.05.18"]
[EventType "swiss"]
[EventRounds "7"]
[EventCountry "COL"]
[SourceTitle "CBM 172 Extra"]
[Source "ChessBase"]
[SourceDate "2016.06.21"]
[SourceVersion "1"]
[SourceVersionDate "2016.06.21"]
[SourceQuality "1"]

1. e4 c5 2. Nf3 Nc6 3. Bb5 g6 4. Nc3 Bg7 5. Bxc6 bxc6 6. d3 Nf6 7. 0-0 d5 8. e5 Ng4 9. Re1 0-0 10. h3 Nh6 11. Bf4 e6 12. Qd2 Nf5 13. Ne2 Qb6 14. Rab1 Ba6 15. Ng3 Ne7 16. Bg5 Rfe8 17. Bh6 Qb4 18. Qg5 c4 19. Bxg7 Kxg7 20. Nh5+ Kg8 21. Qh6 gxh5 22. Ng5 Qd2 23. Qxh7+ Kf8 24. Qxf7# 1-0

[Event "Medellin Aristizabal Cup"]
[Site "Medellin"]
[Date "2016.05.18"]
[Round "1"]
[White "Panesso Rivera, Henry"]
[Black "Ordonez, Fernando"]
[Result "1-0"]
[WhiteElo "2343"]
[BlackElo "1849"]
[PlyCount "35"]
[EventDate "2016.05.18"]
[EventType "swiss"]
[EventRounds "7"]
[EventCountry "COL"]
[SourceTitle "CBM 172 Extra"]
[Source "ChessBase"]
[SourceDate "2016.06.21"]
[SourceVersion "1"]
[SourceVersionDate "2016.06.21"]
[SourceQuality "1"]

1. e4 e5 2. Nf3 Nc6 3. Bb5 Nf6 4. Nc3 d6 5. d4 exd4 6. Nxd4 Bd7 7. Bxc6 bxc6 8. 0-0 Be7 9. Qd3 0-0 10. b3 c5 11. Nde2 Bc6 12. Ng3 Bd7 13. Bb2 Re8 14. Rae1 Rb8 15. f4 Bf8 16. Nd1 Rb4 17. c4 h6 18. Ne3 1-0

[Event "Medellin Segunda Antioquia op"]
[Site "Medellin"]
[Date "2016.04.17"]
[Round "7.5"]
[White "Ordonez, Fernando"]
[Black "Echavarria Ramirez, Juan Diego"]
[Result "0-1"]
[WhiteElo "1862"]
[BlackElo "1930"]
[PlyCount "66"]
[EventDate "2016.04.13"]
[EventType "swiss"]
[EventRounds "7"]
[EventCountry "COL"]
[SourceTitle "EXT 2024"]
[Source "ChessBase"]
[SourceDate "2023.10.10"]
[SourceVersion "1"]
[SourceVersionDate "2023.10.10"]
[SourceQuality "1"]

1. e4 e5 2. Nf3 Nc6 3. Bb5 a6 4. Bxc6 dxc6 5. Nc3 Bc5 6. h3 Ne7 7. 0-0 Ng6 8. d3 0-0 9. Ne2 Re8 10. a3 a5 11. Ng3 f6 12. Be3 Bd6 13. c3 c5 14. Qb3+ Be6 15. Qc2 Qc8 16. Rad1 a4 17. Qd2 Ra6 18. d4 exd4 19. cxd4 Bxg3 20. fxg3 Bb3 21. Rc1 Rxe4 22. Rxc5 Qe8 23. Re1 Rae6 24. Rc3 c6 25. d5 Bxd5 26. Nd4 R6e5 27. Nf3 Re7 28. Bf2 Rxe1+ 29. Nxe1 Re2 30. Qc1 Qe4 31. Nf3 Ne5 32. Qf1 Rxb2 33. Nxe5 Rb1 0-1

[Event "Antioquia op"]
[Site "Medellin"]
[Date "2014.04.06"]
[Round "5"]
[White "Ordonez, Fernando"]
[Black "Cuartas, Andres Mauricio"]
[Result "0-1"]
[WhiteElo "1881"]
[BlackElo "1813"]
[PlyCount "78"]
[EventDate "2014.04.03"]
[EventType "swiss"]
[EventRounds "7"]
[EventCountry "COL"]
[SourceTitle "CBM 159 Extra"]
[Source "ChessBase"]
[SourceDate "2014.04.24"]
[SourceVersion "1"]
[SourceVersionDate "2014.04.24"]
[SourceQuality "1"]

1. e4 c5 2. Nf3 e6 3. Nc3 Nc6 4. Bb5 a6 5. Bxc6 bxc6 6. d3 d5 7. 0-0 Qc7 8. Re1 Ne7 9. d4 cxd4 10. Qxd4 c5 11. Qd1 d4 12. Ne2 e5 13. h3 g6 14. Nh2 Bg7 15. f4 exf4 16. Bxf4 Qb6 17. Rb1 0-0 18. Ng3 Be6 19. b3 Nc6 20. Ng4 Bxg4 21. Qxg4 Nb4 22. e5 Nxc2 23. Rec1 d3 24. Kh1 Rad8 25. Ne4 Rd4 26. Qf3 f6 27. exf6 Bxf6 28. Nf2 Rxf4 29. Qxf4 Bd4 30. Qe4 Rxf2 31. Rf1 Qf6 32. Qxd3 Ne3 33. Rxf2 Qxf2 34. Qe4 Nf1 35. Qe8+ Kg7 36. Qe7+ Kh6 37. Rxf1 Qxf1+ 38. Kh2 Qg1+ 39. Kg3 Qe3+ 0-1

[Event "Antioquia op"]
[Site "Medellin"]
[Date "2014.04.04"]
[Round "2"]
[White "Cespedes, Cesar Ivan"]
[Black "Ordonez, Fernando"]
[Result "1-0"]
[WhiteElo "2106"]
[BlackElo "1881"]
[PlyCount "105"]
[EventDate "2014.04.03"]
[EventType "swiss"]
[EventRounds "7"]
[EventCountry "COL"]
[SourceTitle "CBM 159 Extra"]
[Source "ChessBase"]
[SourceDate "2014.04.24"]
[SourceVersion "1"]
[SourceVersionDate "2014.04.24"]
[SourceQuality "1"]

1. e4 e5 2. Nf3 Nc6 3. d4 exd4 4. Nxd4 d6 5. c4 Nf6 6. Nc3 Be7 7. Be2 h6 8. Be3 Bd7 9. 0-0 0-0 10. f3 Nxd4 11. Qxd4 Bc6 12. Rad1 Nd7 13. Nd5 Bxd5 14. exd5 Bf6 15. Qd2 Qe7 16. Rfe1 Qe5 17. Rb1 Rfe8 18. Bf1 Qf5 19. Bd3 Qh5 20. Bf2 Ne5 21. Be2 Qg6 22. b4 Re7 23. f4 Ng4 24. Bxg4 Rxe1+ 25. Rxe1 Qxg4 26. h3 Qf5 27. a4 b6 28. g4 Qd7 29. b5 Re8 30. Kg2 Rxe1 31. Qxe1 Qe7 32. Qxe7 Bxe7 33. Bd4 f6 34. Kf3 Kf7 35. Ke4 g6 36. Bf2 Kg7 37. h4 Kf7 38. h5 Kg7 39. Bd4 Kf7 40. hxg6+ Kxg6 41. Bc3 Bd8 42. a5 Be7 43. a6 Bf8 44. Bd4 Be7 45. Be3 Bf8 46. f5+ Kg7 47. Kf3 Kh7 48. Kg3 Be7 49. Kh4 Bf8 50. Kh5 Bg7 51. Bd4 Bh8 52. c5 dxc5 53. Bxc5 1-0

[Event "Medellin Cuartas Memorial"]
[Site "Medellin"]
[Date "2011.08.03"]
[Round "1"]
[White "Munoz, Farid"]
[Black "Ordonez, Fernando"]
[Result "1-0"]
[WhiteElo "2149"]
[BlackElo "1889"]
[PlyCount "33"]
[EventDate "2011.08.03"]
[EventType "swiss"]
[EventRounds "8"]
[EventCountry "COL"]
[SourceTitle "CBM 144 Extra"]
[Source "ChessBase"]
[SourceDate "2011.10.28"]
[SourceVersion "1"]
[SourceVersionDate "2011.10.28"]
[SourceQuality "1"]

1. e4 e5 2. Nf3 Nc6 3. d4 exd4 4. Bc4 h6 5. 0-0 Nf6 6. e5 Nh7 7. c3 Be7 8. cxd4 d5 9. exd6 Qxd6 10. d5 Ne5 11. Nxe5 Qxe5 12. Re1 Qd6 13. Qe2 Kd8 14. Bf4 Qc5 15. d6 Bf6 16. dxc7+ Kd7 17. Bb5+ 1-0

[Event "Medellin Amateur 17th"]
[Site "Medellin"]
[Date "2010.08.07"]
[Round "6.6"]
[White "Hundelshaussen, Ricardo Jose"]
[Black "Ordonez, Fernando"]
[Result "1-0"]
[WhiteElo "1600"]
[BlackElo "1721"]
[PlyCount "103"]
[EventDate "2010.08.04"]
[EventType "swiss"]
[EventRounds "9"]
[EventCountry "COL"]
[SourceTitle "EXT 2024"]
[Source "ChessBase"]
[SourceDate "2023.10.10"]
[SourceVersion "1"]
[SourceVersionDate "2023.10.10"]
[SourceQuality "1"]

1. e4 e5 2. f4 exf4 3. Nf3 Nc6 4. Bc4 d6 5. d4 Bg4 6. c3 Nf6 7. Qb3 Na5 8. Bxf7+ Ke7 9. Qa4 Kxf7 10. Qxa5 Qe7 11. 0-0 b6 12. Qb5 Bxf3 13. Rxf3 Qxe4 14. Rxf4 Qe6 15. Na3 Be7 16. Bd2 Rhd8 17. Re1 Qd7 18. Qd5+ Kf8 19. Rff1 c6 20. Qf3 Kg8 21. Bg5 Rf8 22. Qe2 Rae8 23. Qe6+ Qxe6 24. Rxe6 Kf7 25. Rfe1 Nd5 26. Bxe7 Rxe7 27. Rxe7+ Nxe7 28. Nc4 Rd8 29. g4 Nd5 30. Kf2 Nf4 31. Re3 g5 32. h4 h6 33. hxg5 hxg5 34. Nd2 d5 35. Nf3 Kf6 36. b4 Rh8 37. a4 Rc8 38. Kg3 c5 39. Nxg5 Kxg5 40. Re5+ Kf6 41. Kxf4 cxd4 42. cxd4 Rc4 43. Rxd5 Rxb4 44. a5 bxa5 45. Ke4 a4 46. Ra5 a6 47. Rxa6+ Kg5 48. Ke5 Kxg4 49. d5 Kg5 50. d6 Rb1 51. Rxa4 Re1+ 52. Re4 1-0